000 00591nam a22002177a 4500
003 UA-OsUOA
001 92352
007 ta
008 20121213b un ||||| |||| 00| 0 ukr d
090 _a821.161.1
_bА72
942 _cBK
040 _aUA-OsUOA
_brus
_cUA-OsUOA
_dUA-OsUOA
245 _aАнтология русского советского рассказа
_b40-е годы
300 _a701 с.
955 _a3
041 _arus
080 _a821.161.1
260 _aМ.
_c1987
650 7 _a82 Література. Літературознавство
_2UDC
999 _c378599
_d378599